000 00523nam a2200181Ia 4500
005 20250326124141.0
008 250326s9999 xx 000 0 und d
037 _aTextbook
040 _aFMSL
_beng
_cFMSL
041 _aeng
_2eng
084 _aX:51Y773 K9
_qFMSL
100 _aGwinner R F
_9736864
245 0 _aSales strategy: cases & readings
_cGwinner R F; Smith E M
260 _aUSA
_bUSA, Appleton-Century-Crofts
_c1969
300 _a600p
942 _cTB
_hX:51Y773 K9
999 _c1272489
_d1272489